000 00257nam a22001217a 4500
008 180316b xxu||||| |||| 00| 0 eng d
041 _aeng
080 _23rd ed.
_a54
100 _a12
101 _aKIM
245 _aChemistry
_cBrady,J.E
942 _2udc
_cBK
999 _c45242
_d45242